000 00472nam a22001817a 4500
003 OSt
005 20260317011030.0
008 260317b |||||||| |||| 00| 0 eng d
020 _a0-425-11273-X.
040 _aDWCL Main lib
_cOC
082 _aFic. S215 1989
100 _aSanders, Lawrence
245 _aLove songs
_cLawrence Sanders
260 _aNew York :
_bBerkley Books,
_cc1989.
300 _a325 p. ;
_c17 cm.
650 _aFiction.
942 _2ddc
_cFIC.
_kFic.
_n0
999 _c9189
_d9189